Исследование влияния амплитуды выходного тока на частоту переключения ключа в схеме индуктивно-ключевого формирователя тока; Вестник науки Сибири; № 4 (5)
| Parent link: | Вестник науки Сибири: электронный научный журнал/ Томский политехнический университет (ТПУ).— , 2011-.— 2226-0064 № 4 (5).— 2012.— [С. 149-154] |
|---|---|
| Autor Principal: | |
| Outros autores: | |
| Summary: | Заглавие с титульного листа Представлены приближенные аналитические выражения для определения временных параметров переходных процессов в схеме индуктивно-ключевого формирователя квазисинусоидального тока, позволяющие предъявить требования к частотным свойствам и определить динамические потери ключа. Отражены результаты исследования влияния амплитуды выходного тока формирователя на изменения частоты переключения ключа в процессе формирования квазисинусоидального тока. Полученные данные важны при проектировании формирователей тока подобного типа. |
| Idioma: | ruso |
| Publicado: |
2012
|
| Series: | Инженерные науки |
| Subjects: | |
| Acceso en liña: | http://earchive.tpu.ru/handle/11683/15915 |
| Formato: | MixedMaterials Electrónico Capítulo de libro |
| KOHA link: | https://koha.lib.tpu.ru/cgi-bin/koha/opac-detail.pl?biblionumber=495766 |
MARC
| LEADER | 00000naa2a2200000 4500 | ||
|---|---|---|---|
| 001 | 495766 | ||
| 005 | 20240205134439.0 | ||
| 035 | |a (RuTPU)RU\TPU\prd\165432 | ||
| 035 | |a RU\TPU\prd\165431 | ||
| 090 | |a 495766 | ||
| 100 | |a 20130118d2012 k y0rusy50 ca | ||
| 101 | 0 | |a rus | |
| 102 | |a RU | ||
| 135 | |a drnn ---uucaa | ||
| 181 | 0 | |a i | |
| 182 | 0 | |a b | |
| 200 | 1 | |a Исследование влияния амплитуды выходного тока на частоту переключения ключа в схеме индуктивно-ключевого формирователя тока |f В. В. Гребенников, Е. В. Ярославцев | |
| 203 | |a Текст |c электронный | ||
| 215 | |a 1 файл (132 Кб) | ||
| 225 | 1 | |a Инженерные науки | |
| 300 | |a Заглавие с титульного листа | ||
| 320 | |a [Библиогр.: с. 154 (4 назв.)] | ||
| 330 | |a Представлены приближенные аналитические выражения для определения временных параметров переходных процессов в схеме индуктивно-ключевого формирователя квазисинусоидального тока, позволяющие предъявить требования к частотным свойствам и определить динамические потери ключа. Отражены результаты исследования влияния амплитуды выходного тока формирователя на изменения частоты переключения ключа в процессе формирования квазисинусоидального тока. Полученные данные важны при проектировании формирователей тока подобного типа. | ||
| 337 | |a Adobe Reader | ||
| 461 | 1 | |0 (RuTPU)RU\TPU\prd\143680 |x 2226-0064 |t Вестник науки Сибири |o электронный научный журнал |f Томский политехнический университет (ТПУ) |d 2011- | |
| 463 | 1 | |0 (RuTPU)RU\TPU\prd\165247 |t № 4 (5) |v [С. 149-154] |d 2012 | |
| 610 | 1 | |a электрохимические технологии | |
| 610 | 1 | |a квазисинусоидальный ток | |
| 610 | 1 | |a питание | |
| 610 | 1 | |a индуктивно-ключевые формирователи | |
| 610 | 1 | |a переходные процессы | |
| 610 | 1 | |a труды учёных ТПУ | |
| 610 | 1 | |a электронный ресурс | |
| 610 | 1 | |a источники | |
| 675 | |a 621.314.5 |v 3 | ||
| 700 | 1 | |a Гребенников |b В. В. |c специалист в области электроники |c доцент Томского политехнического университета, кандидат технических наук |f 1974- |g Виталий Владимирович |3 (RuTPU)RU\TPU\pers\25894 |9 11746 | |
| 701 | 1 | |a Ярославцев |b Е. В. |c специалист в области электроники |c доцент Томского политехнического университета, кандидат технических наук |f 1949- |g Евгений Витальевич |3 (RuTPU)RU\TPU\pers\25912 |9 11763 | |
| 801 | 1 | |a RU |b 63413507 |c 20090623 |g PSBO | |
| 801 | 2 | |a RU |b 63413507 |c 20180116 |g PSBO | |
| 856 | 4 | |u http://earchive.tpu.ru/handle/11683/15915 | |
| 942 | |c BK | ||